书目信息 |
| 题名: |
图解思维导图
|
|
| 作者: | 齐瑞 编 | |
| 分册: | ||
| 出版信息: | 北京 中国华侨出版社 2017 |
|
| 页数: | 10,431页 | |
| 开本: | 25cm | |
| 丛书名: | ||
| 单 册: | ||
| 中图分类: | B804-49 | |
| 科图分类: | ||
| 主题词: | 思维方法--通俗读物 | |
| 电子资源: | ||
| ISBN: | 978-7-5113-6916-1 | |
| 000 | 00816nam0 2200241 450 | |
| 001 | 012001005133 | |
| 005 | 20141007162127.0 | |
| 010 | @a978-7-5113-6916-1@dCNY68.00 | |
| 100 | @a20180412d2017 em y0chiy50 ea | |
| 101 | 0 | @achi |
| 102 | @aCN@b110000 | |
| 105 | @aa z 000yy | |
| 106 | @ar | |
| 200 | 1 | @a图解思维导图@9tu jie si wei dao tu@e彩图典藏版@f齐瑞编 |
| 210 | @a北京@c中国华侨出版社@d2017 | |
| 215 | @a10,431页@d25cm | |
| 300 | @a经典读本 理想藏书 精编精解 全彩读本 | |
| 330 | @a本书以思维导图的形式介入广大学生和各行各业的生活、工作中,挖掘其创造潜能、思维潜能、精神潜能、记忆潜能、身体潜能等多个方面,让工作和生活更轻松。 | |
| 606 | 0 | @a思维方法@j通俗读物 |
| 690 | @aB804-49@v5 | |
| 701 | 0 | @a齐瑞@9qi rui@c(编辑)@4编 |
| 801 | 0 | @aCN@b上海新华@c20180901 |
| 905 | @b1172788-92@dB804-49@e121@f5 | |
| 图解思维导图:彩图典藏版/齐瑞编.-北京:中国华侨出版社,2017 |
| 10,431页;25cm |
| 经典读本 理想藏书 精编精解 全彩读本 |
| ISBN 978-7-5113-6916-1:CNY68.00 |
| 本书以思维导图的形式介入广大学生和各行各业的生活、工作中,挖掘其创造潜能、思维潜能、精神潜能、记忆潜能、身体潜能等多个方面,让工作和生活更轻松。 |
| ● |
| 相关链接 |
|
|
|
|
正题名:图解思维导图
索取号:B804-49/121
 
预约/预借
| 序号 | 登录号 | 条形码 | 馆藏地/架位号 | 状态 | 备注 |
| 1 | 1172788 | 211727880 | 第一样本阅览室/ [索取号:B804-49/121] | 在馆 | |
| 2 | 1172789 | 211727899 | 第一借阅区/ [索取号:B804-49/121] | 在馆 | |
| 3 | 1172790 | 211727906 | 第一借阅区/ [索取号:B804-49/121] | 在馆 | |
| 4 | 1172791 | 211727915 | 第一借阅区/ [索取号:B804-49/121] | 在馆 | |
| 5 | 1172792 | 211727924 | 第一借阅区/ [索取号:B804-49/121] | 在馆 |